| 000 | 01040nam a2200277Ia 4500 | ||
|---|---|---|---|
| 003 | OSt | ||
| 005 | 20221005112553.0 | ||
| 006 | a|||||r|||| 00| 0 | ||
| 007 | ta | ||
| 008 | 221004b |||||||| |||| 00| 0 pan d | ||
| 020 |
_a9789388977807 (hbk) _cINR 300.00 |
||
| 024 | _a66170 | ||
| 037 |
_bSP/5346, 15/02/2020, Star Publications Pvt. Ltd. _cTextual |
||
| 040 |
_aCRL _cCRL _bpan |
||
| 041 |
_2pan _apan |
||
| 082 | _aO153,1(Delta73)x, Q9 | ||
| 100 | _aਸੁਨੀਤਾ ਰਾਣੀ, ਂਚ. | ||
| 245 | 0 | _aਸੂਖ਼ੀ ਅਤੇ ਇFਕ | |
| 260 |
_aਚੰਡੀਗੜ੍ਹ _bਸਪਤਰਿFੀ ਪਬਲੀਕੇFਨੂ ਲ਼ਭਾਰਤ _c2019 |
||
| 300 |
_a222ਪ੍ਰ0 _ccm. |
||
| 650 | _a ਪੰਜਾਬੀ ਸਾਹਿਤ | ||
| 650 | _a ਪੰਜਾਬੀ ਕਾਵਿ | ||
| 650 | _aਸੂਖ਼ਖ਼ੀਵਾਦ | ||
| 942 |
_hO153,1(Delta73)x, Q9 _cTEXL _2cc |
||
| 999 |
_c1025283 _d1025283 |
||